Microeconomics : (Record no. 1281)
[ view plain ]
| 000 -LEADER | |
|---|---|
| fixed length control field | 00737cam a22002292 4500 |
| 001 - CONTROL NUMBER | |
| control field | 0000023239 |
| 005 - DATE AND TIME OF LATEST TRANSACTION | |
| control field | 20151021151143.0 |
| 008 - FIXED-LENGTH DATA ELEMENTS--GENERAL INFORMATION | |
| fixed length control field | 120907s xx 000 0 eng d |
| 020 ## - INTERNATIONAL STANDARD BOOK NUMBER | |
| International Standard Book Number | 0073273099 |
| 040 ## - CATALOGING SOURCE | |
| Original cataloging agency | KABU |
| Transcribing agency | KABU |
| 050 #0 - LIBRARY OF CONGRESS CALL NUMBER | |
| Classification number | HB172 |
| Item number | .M33 2008 |
| 100 1# - MAIN ENTRY--PERSONAL NAME | |
| Personal name | McConnell, Campbell R. |
| -- | 0000105653 |
| 245 10 - TITLE STATEMENT | |
| Title | Microeconomics : |
| Remainder of title | principles, problems and policies / |
| Statement of responsibility, etc. | C. R. McConnell, S. L. Bruce. |
| 250 ## - EDITION STATEMENT | |
| Edition statement | 17th ed. |
| 260 ## - PUBLICATION, DISTRIBUTION, ETC. (IMPRINT) | |
| Place of publication, distribution, etc. | Boston : |
| Name of publisher, distributor, etc. | McGraw-Hill, |
| Date of publication, distribution, etc. | 2008. |
| 300 ## - PHYSICAL DESCRIPTION | |
| Extent | xxvii, 482 [38] p. + |
| Accompanying material | with 1 student guide. |
| 650 #0 - SUBJECT ADDED ENTRY--TOPICAL TERM | |
| Topical term or geographic name as entry element | Microeconomics. |
| -- | 0000149944 |
| 700 1# - ADDED ENTRY--PERSONAL NAME | |
| Personal name | Bruce, S. L. |
| -- | 0000160247 |
| 852 1# - LOCATION | |
| -- | p3,500 KES |
| 908 ## - PUT COMMAND PARAMETER (RLIN) | |
| Put command parameter | 120907 |
| 950 ## - LOCAL HOLDINGS (RLIN) | |
| -- | 1 |
| Withdrawn status | Lost status | Source of classification or shelving scheme | Not for loan | Home library | Current library | Date acquired | Total Checkouts | Total Renewals | Full call number | Barcode | Date last seen | Date last checked out | Price effective from | Koha item type | Copy number |
|---|---|---|---|---|---|---|---|---|---|---|---|---|---|---|---|
| Library of Congress Classification | Kabarak, Main Campus | Kabarak, Main Campus | 17/12/2015 | 14 | HB172 .M33 2008 c.1 | 013592 | 02/08/2024 | 23/11/2022 | 17/12/2015 | General Collection | |||||
| Library of Congress Classification | Kabarak, Main Campus | Kabarak, Main Campus | 17/12/2015 | 2 | 1 | HB172 .M33 2008 c.3 | 013572 | 02/08/2024 | 15/09/2017 | 17/12/2015 | General Collection | ||||
| Library of Congress Classification | Kabarak, Main Campus | Kabarak, Main Campus | 17/12/2015 | 3 | HB172 .M33 2008 c.2 | 013573 | 02/08/2024 | 21/11/2018 | 17/12/2015 | General Collection | |||||
| Library of Congress Classification | Kabarak, Nakuru City Campus | Kabarak, Nakuru City Campus | 21/10/2015 | 4 | 1 | HB172 .M33 2008 c.1 | 013585 | 14/12/2022 | 10/11/2022 | 21/10/2015 | General Collection | ||||
| Library of Congress Classification | Kabarak, Nakuru City Campus | Kabarak, Nakuru City Campus | 21/10/2015 | 2 | HB172 .M33 2008 c.2 | 013602 | 27/02/2017 | 21/02/2017 | 21/10/2015 | General Collection | c. 2 | ||||
| Library of Congress Classification | Kabarak, Nakuru City Campus | Kabarak, Nakuru City Campus | 21/10/2015 | HB172 .M33 2008 c.3 | 013589 | 02/09/2022 | 21/10/2015 | General Collection |